| 000 | 003460000a22001450004500 | ||
|---|---|---|---|
| 003 | MACL | ||
| 040 | _aMACL | ||
| 090 |
_c8570 _d8569 |
||
| 100 | _aBenerjee, Mrinmayi | ||
| 245 | _aPersonality and Ethnicity Psychological Unveiling | ||
| 260 |
_bAnthropological Survey of India _c2004 |
||
| 350 | _a370 | ||
| 650 | _aPsychology | ||
| 942 |
_cBOOK _k150 |
||
| 999 |
_c8516 _d8516 |
||